000 00721nam a22002417a 4500
001 BR9508124
003 BR-BrBNA
005 20230928095119.0
007 ta
008 230509b bl.||||| |||| 00| 0 por d
040 _aBR-BrBNA
_bpor
_cBiblioteca Nacional de Agricultura
041 _a(Por)
072 _aP01
090 _ P01 BR9508124
110 1 _aInstituto de Pesquisas Agronomicas, Porto Alegre, RS (Brasil)
_96134
245 1 _aPrograma Nacional de Agrometeorologia. Situacao atual e programacao da equipe de ecologia do IPAGRO
260 3 _aPorto Alegre, RS (Brasil):
_c[nd].
300 _a92 p.
650 _aMeteorologia
650 _aEcologia
909 _a202309
_bLucia
_c55
_dLucia Elande
942 _cBK
999 _c54604
_d54604